[Event "Seville-ch"]
[Site "Seville"]
[Date "2013.01.27"]
[Round "2"]
[White "Lozano Garcia, Francisco"]
[Black "Gutierrez Jimenez, Juan Manuel"]
[Result "0-1"]
[WhiteElo "1934"]
[BlackElo "2303"]
[PlyCount "86"]
[EventDate "2013.01.26"]
[EventType "swiss"]
[EventRounds "6"]
[EventCountry "ESP"]
[SourceTitle "EXT 2014"]
[Source "ChessBase"]
[SourceDate "2013.11.20"]
[SourceVersion "1"]
[SourceVersionDate "2013.11.20"]
[SourceQuality "1"]

1. d4 d6 2. Nf3 Nf6 3. c4 g6 4. Nc3 Bg7 5. e4 0-0 6. Be2 Nbd7 7. 0-0 e5 8. dxe5 dxe5 9. Qc2 Re8 10. Rd1 c6 11. h3 Qc7 12. Be3 Bf8 13. Rd2 b6 14. Rad1 a5 15. a3 Kg7 16. Bf1 Bb7 17. Na4 Rab8 18. Bd3 Ba6 19. Rc1 Qb7 20. c5 Bxd3 21. Qxd3 b5 22. Nb6 Nxb6 23. cxb6 c5 24. Bxc5 Bxc5 25. Rxc5 Nxe4 26. Rc7 Qxb6 27. Rdc2 Nxf2 28. Qd7 Ne4+ 29. Kh2 Qe6 30. Qxe6 Rxe6 31. Re2 Nd6 32. Rxe5 Rxe5 33. Nxe5 Re8 34. Nc6 Re2 35. Nxa5 Rxb2 36. Rd7 Nf5 37. Rd3 Nh4 38. Rg3 f5 39. Nc6 f4 40. Rd3 f3 41. Rd7+ Kf6 42. Kg3 g5 43. gxf3 Rg2# 0-1